000 00292 a2200145 4500
001 46533
020 _a9788576769439
040 _cAnchieta - Aquarius
240 1 0 _aBarbie
_lpor
245 1 0 _aBarbie
300 _a29
362 0 _a2010
650 4 _aLiteratura infanto-juvenil
942 _cBK
999 _c46533
_d46533